Detalles MARC
| 000 -LÍDER |
| Campo fijo de descripción fija |
03655nam a2200397 c 4500 |
| 001 - NÚMERO DE CONTROL |
| Campo de control |
a5253622 |
| 003 - IDENTIFICADOR DEL NÚMERO DE CONTROL |
| Campo de control |
SpMaBN |
| 005 - FECHA Y HORA DE LA ULTIMA TRANSACCIÓN |
| control field |
20250314104528.0 |
| 008 - ELEMENTOS DE LONGITUD FIJA -- INFORMACIÓN GENERAL |
| Campo fijo de descripción fija -- Información general |
120903s2012 sp a | |||| 000 0 spa |
| 017 ## - COPYRIGHT OR LEGAL DEPOSIT NUMBER |
| Copyright or legal deposit number |
NA 943-2012 |
| Assigning agency |
Oficina Depósito Legal Navarra |
| 020 ## - NÚMERO INTERNACIONAL NORMALIZADO PARA LIBROS |
| Número Internacional Normalizado del libro |
9788499452777 |
| 040 ## - FUENTE DE CATALOGACIÓN |
| Agencia de catalogación original |
CO-MdFUSB |
| Idioma de catalogación |
spa |
| Agencia que realiza la transcripción |
CO-MdFUSB |
| Convenciones de la descripción |
rdc |
| Agencia que realiza la modificación |
CO-MdFUSB |
| 041 ## - CÓDIGO DE IDIOMA |
| Código de idioma para texto/pista de sonido o título separado |
spa |
| 080 ## - UNIVERSAL DECIMAL CLASSIFICATION NUMBER |
| Universal Decimal Classification number |
281.71(091) |
| 080 ## - UNIVERSAL DECIMAL CLASSIFICATION NUMBER |
| Universal Decimal Classification number |
27(620) |
| 082 ## - NÚMERO DE CLASIFICACIÓN DECIMAL DEWEY |
| Número de clasificación |
G 281.7 |
| Clave de autor-Numero de item |
M277n |
| Número de la edición del Dewey |
24 |
| 100 1# - ASIENTO PRINCIPAL--NOMBRE PERSONAL |
| Nombre personal |
Mangado Alonso, María Luz |
| Fechas asociadas con el nombre |
1965- |
| 245 13 - TÍTULO |
| Título del Material |
El Nilo cristiano : |
| Parte restante del título - Subtitulo |
relaciones y tradiciones orientales en el cristianismo occidental |
| Mención de responsabilidad, etc. |
/ María Luz Mangado Alonso |
| 264 #1 - PRODUCCIÓN, PUBLICACIÓN, DISTRIBUCIÓN, MANUFACTURA, Y COPYRIGHT |
| Lugar de producción, publicación, distribución, manufactura |
Estella, Navarra |
| Nombre del productor, publicador, distribuidor |
Instituto Bíblico y Oriental ; Verbo Divino |
| Fecha de producción, publicación, distribución, manufactura, o copyright |
©[2012] |
| 264 #4 - PRODUCCIÓN, PUBLICACIÓN, DISTRIBUCIÓN, MANUFACTURA, Y COPYRIGHT |
| Fecha de producción, publicación, distribución, manufactura, o copyright |
℗2012 |
| 300 ## - DESCRIPCIÓN FÍSICA |
| Extensión |
212 p. |
| Otros detalles físicos |
ilustración; |
| Dimensiones |
24 cm |
| 336 ## - TIPO DE CONTENIDO |
| Término de tipo de contenido |
|
| Fuente |
rdacontent |
| Código de tipo de contenido |
|
| 337 ## - TIPO DE MEDIO |
| Nombre del tipo de medio |
|
| Fuente |
rdadmedia |
| Código del tipo de medio |
|
| 338 ## - TIPO DE SOPORTE |
| Fuente |
rdacarrier |
| Nombre del tipo de soporte |
|
| Código Tipo de soporte |
|
| 490 0# - MENCIÓN DE SERIE |
| Mención de serie |
Instituto Bíblico y Oriental |
| 500 ## - NOTA GENERAL |
| Nota General |
Cronología: páginas: [209-212] |
| 504 ## - NOTA DE BIBLIOGRAFÍA, ETC. |
| Nota de bibliografía, etc |
Bibliografía: páginas: [191-207] |
| 505 ## - NOTA DE CONTENIDO |
| Nota de contenido con formato preestablecido |
Presentación de don Francisco Pérez González, arzobispo de Pamplona y obispo de Tudela -- Presentación de don Francisco Antonovich y don Jesús García Recio -- Presentación de sor María Villar Sesma, misionera comboniana en Egipto -- Presentación de sor Teresa Irene Yago, misionera comboniana en Egipto -- Los coptos -- Capítulo I: La coptología en España <br/>Capítulo II: Un poco de historia -- Los hechos -- Excavaciones e investigaciones: la coptología -- Capítulo III: Historia de la Iglesia copta -- Elementos de la cultura egipcia -- El centro alejandrino -- El inicio del cristianismo -- Consolidación y difusión del cristianismo en Egipto -- La invasión árabe -- Capítulo IV: El monaquismo -- Los hechos <br/>La ocupación de los espacios sagrados -- La decoración -- Retratos de algunos Padres del Desierto -- La fundación de las «lauras» -- Capítulo V: La espiritualidad monástica y popular -- El monaquismo errante -- El monaquismo de tipo antoniano <br/>El monaquismo de tipo pacomiano -- El declive del monaquismo y su renovación -- La alfabetización -- La piedad monástica -- Estructura eclesial -- Capítulo VI: Algunos ejemplos de monaquismo -- Deir el-Giza o convento de Samuel -- Kellia -- Oxirrinco: El hallazgo de una celda monástica -- Capítulo VII: Arte -- Arquitectura eclesiástica -- Escultura y bajorrelieve -- Otras manifestaciones artísticas -- Capítulo VIII: Los tejidos -- La industria textil -- La ornamentación de los tejidos -- La escuela alejandrina <br/>La literatura en lengua copta -- Los papiros del Egipto cristiano<br/>Capítulo X: El cristianismo al sur del valle del Nilo -- Los hechos<br/>Los monasterios y las iglesias -- Capítulo XI: La iconografía<br/>En Egipto -- En Nubia -- En el país de la reina de Saba <br/>Capítulo XII: Actividades lúdicas en la época cristiana <br/>La música -- Los juegos y juguetes -- Capítulo XIII: Intercambios entre la Iglesia oriental y el cristianismo europeo -- La influencia del monaquismo del valle del Nilo en el Occidente hispano -- Nuevas corrientes monásticas inspiradas en el monaquismo primitivo -- La veneración de santos orientales en Europa <br/>La influencia copta en el arte cristiano primitivo -- El arte copto en el Museo Bíblico y Oriental de León -- La penetración misionera en el valle del Nilo entre los siglos XVIII y XX<br/>Selección bibliográfica -- Tablas cronológicas. |
| 610 27 - ASIENTO SECUNDARIO DE MATERIA - NOMBRE CORPORATIVO |
| Nombre corporativo o nombre de la jurisdicción como elemento de entrada |
Iglesia Copta |
| Subdivisión de forma |
Historia |
| Fuente del encabezamiento o término |
embne |
| 651 #7 - ASIENTO SECUNDARIO DE MATERIA - NOMBRE GEOGRAFICO |
| Nombre geográfico |
Egipto |
| Subdivisión general |
Historia eclesiástica |
| Fuente del encabezamiento o término |
embne |
| 942 ## - TIPO DE MATERIAL (KOHA) |
| Tipo de Item KOHA |
Libros General |
| 945 ## - INFORMACIÓN LOCAL DEL REGISTRO |
| Catalogador |
JTF-925 |
| 956 ## - LOCAL ELECTRONIC LOCATION AND ACCESS (OCLC) |
| Host name |
2 |